000 00850nam a2200241Ia 4500
003 OSt
005 20220918191734.0
006 a|||||r|||| 00| 0
007 ta
008 220917b |||||||| |||| 00| 0 eng d
024 _a64,896
037 _cTextual
040 _aARTS
_cARTS
_beng
041 _2eng
_aeng
082 _aQ4:3, 111L8
100 _aWang Chug Dore Je
_977081
245 0 _aMahamudra eliminating the darkness of ignorance
_b a guide to Ka Gyu Mahamudra and guru yoga comm by Beru Khyentze Rinpoche tr from Tibetan and ed by Alexander Berzin
260 _aDharmsala
_bLibrary of Tibetan Works And Archives
_c1978
500 _aAsvghosa : fifty stanza of guru devotion comm by Geshe Nagweang Dhargyey
650 _aRELIGION
942 _hQ4:3, 111L8
_cTEXL
_2CC
999 _c191239
_d191239